000
00320nam a22001457a 4500
008
221102b ||||| |||| 00| 0 eng d
020
_a
0394350766
041
_a
eng
080
_a
51
082
_a
51 BOA
100
_a
20.1
101
_a
MATE
245
_a
INVITATION TO COMPLEX ANALYSIS
_c
R.P.BOAS
942
_2
udc
_c
BK
999
_c
58720
_d
58720